Veľká investícia v Žiari nad Hronom zefektívni výrobu a zlepší ekológiu

V r. 1994 bol Závod SNP, a.s. Žiar nad Hronom stratovým podnikom. Vďaka úverom od Európskej banky pre obnovu a rozvoj a od ďalších investorov začala novovzniknutá dcérska spoločnosť Slovalco prosperovať. Zvýšenie produktivity práce. Investície do ekológie. Nejasnosť v otázke privatizácie.

Guardado en:
Detalles Bibliográficos
Autor principal: Janků, Jaroslav
Formato: Capítulo de libro
Lenguaje:eslovaco
Materias:
Etiquetas: Agregar Etiqueta
Sin Etiquetas, Sea el primero en etiquetar este registro!

MARC

LEADER 00000naa a2200000 4500
001 r020263
005 20230921074303.8
041 0 |a slo 
044 |a SK 
245 1 0 |a Veľká investícia v Žiari nad Hronom zefektívni výrobu a zlepší ekológiu  |c J. Janků 
520 |a V r. 1994 bol Závod SNP, a.s. Žiar nad Hronom stratovým podnikom. Vďaka úverom od Európskej banky pre obnovu a rozvoj a od ďalších investorov začala novovzniknutá dcérska spoločnosť Slovalco prosperovať. Zvýšenie produktivity práce. Investície do ekológie. Nejasnosť v otázke privatizácie. 
610 2 0 |a Slovensko 
610 2 0 |a Závod SNP, a.s. Žiar nad Hronom 
610 2 0 |a Slovalco, a.s. Žiar nad Hronom 
610 2 0 |a investície zo zahraničia 
610 2 0 |a privatizácia 
610 2 0 |a hlinikárne 
610 2 0 |a prosperita ekonomická 
610 2 0 |a ekologizácia 
100 1 |a Janků, Jaroslav